| 000 | 00952nam a2200229 a 4500 | ||
|---|---|---|---|
| 001 | 78287 | ||
| 003 | BD-RjUL | ||
| 005 | 20211209083119.0 | ||
| 008 | 210902s1968 bg ||||| |||| 00| 0 ben d | ||
| 020 | _c: PRs. 5.00 | ||
| 035 | _a(BD-RjUL)78513 | ||
| 040 |
_aBD-RjUL _beng _cBD-RjUL |
||
| 041 | _aben | ||
| 082 |
_223 _a954.924 _bKHA 1968 |
||
| 100 |
_aখান, আমানউল্লাহ _9247359 |
||
| 245 |
_aআজকের বগুড়া : _b(অতীত ও বর্তমান) / _cপ্রণয়নে ও সম্পাদনায়: আমানউল্লাহ খান |
||
| 260 |
_aবগুড়া : _bগ্রন্থমালা প্রকাশনী, _c১৯৬৮ |
||
| 300 |
_a২৮৮ পৃ.: _bচিত্র; _c২৪ সেমি. |
||
| 651 |
_aবাংলাদেশ _zবগুড়া _xইতিহাস _9248403 |
||
| 651 |
_aBangladesh _zBogura _xHistory _9248404 |
||
| 942 |
_2ddc _cBK |
||
| 999 |
_c78287 _d78287 |
||